Quizzes
Events
Quiz Creation
Community
Videos
Private Events
Remove Ads
Sign In
Join for FREE
Feedback
Dark Mode
Quiz Categories
Sports
Geography
Music
Movies
Television
Just For Fun
Miscellaneous
History
Literature
Language
Science
Gaming
Entertainment
Religion
Holiday
For Kids
Quiz Lab
Recent
Popular Today
Quiz Kudos Today
Editor Picks
Curator Picks
Quizzes by...
Day
Popularity
Type
Ratings
Length
Year
Community
Subscriptions
Recent Discussions
Orange Saloon
Badges
Playlists
Quests
Create
Leaderboards
Showdown
Live 5
Trivia Bingo
Activity
Puzzle Library
Sporcle Events
Private Events
Virtual Trivia
Globe League
Become a Host
Pub Owners
SporcleCon
Opinionation
Our Games
Videos
Blog
Mobile Apps
Partnerships
Remove Ads and Go Orange
Feedback
Sports
Athletes
MLB
NBA
NHL
NFL
Soccer
Sports Teams
WWE
NCAA
Football
Premier League
Basketball
Baseball
Hockey
Golf
Tennis
Cricket
Rugby
Auto Racing
Olympics
World Cup
Sports
Athletes
MLB
NBA
NHL
NFL
Soccer
Sports Teams
WWE
NCAA
Football
Premier League
Basketball
Baseball
Hockey
Golf
Tennis
Cricket
Rugby
Auto Racing
Olympics
World Cup
Random Quiz
Search Sporcle
×
Quiz Lab
Quiz Lab
Sports
Nintendo
Type in answers that appear in a list
Type in answers that appear in a list
Classic
Best Score? Go Orange.
Carolina Hurricanes/Hartford Whalers 30-Goal Scorers Stats
Can you name the Carolina Hurricanes/Hartford Whalers 30-goal scorers?
By
kmad
10m
54 Questions
887 Plays
887 Plays
887 Plays
Comments
Comments
Give Quiz Kudos
Give Quiz Kudos
-
- Ratings
hide this ad
More Info
Replay
Link that replays current quiz
Next Quiz
Link to next quiz in quiz playlist
You Got
0%
They Got
Avg Score
58%
Avg Friend Score
Upgrade to see
Score Distribution
Jump to the score distribution portion of the page
Score
0/54
Timer
10:00
0
Plays Today
Season
Player
% Correct
2022-
23
Sebastian Aho
98%
2005-
06
Eric Staal
97.9%
2006-
07
Eric Staal
97.9%
2007-
08
Eric Staal
97.9%
2008-
09
Eric Staal
97.9%
2010-
11
Eric Staal
96.4%
2018-
19
Sebastian Aho
96.1%
2019-
20
Sebastian Aho
96.1%
2021-
22
Sebastian Aho
96.1%
1982-
83
Ron Francis
93.1%
1986-
87
Ron Francis
93.1%
1989-
90
Ron Francis
93.1%
2005-
06
Rod Brind'Amour
88.6%
2021-
22
Andrei Svechnikov
79.2%
2010-
11
Jeff Skinner
76.4%
2013-
14
Jeff Skinner
76.4%
2016-
17
Jeff Skinner
76.4%
2000-
01
Jeff O'Neill
70.9%
2001-
02
Jeff O'Neill
70.9%
2002-
03
Jeff O'Neill
70.9%
2006-
07
Ray Whitney
66.9%
1989-
90
Pat Verbeek
66.6%
1990-
91
Pat Verbeek
66.6%
1992-
93
Pat Verbeek
66.6%
1993-
94
Pat Verbeek
66.6%
2005-
06
Erik Cole
66.4%
1995-
96
Brendan Shanahan
66.1%
Season
Player
% Correct
1985-
86
Kevin Dineen
65.5%
1986-
87
Kevin Dineen
65.5%
1988-
89
Kevin Dineen
65.5%
2005-
06
Justin Williams
64.6%
2006-
07
Justin Williams
64.6%
1992-
93
Geoff Sanderson
63.9%
1993-
94
Geoff Sanderson
63.9%
1995-
96
Geoff Sanderson
63.9%
1996-
97
Geoff Sanderson
63.9%
1979-
80
Blaine Stoughton
62.2%
1980-
81
Blaine Stoughton
62.2%
1981-
82
Blaine Stoughton
62.2%
1982-
83
Blaine Stoughton
62.2%
1979-
80
Mike Rogers
53.4%
1980-
81
Mike Rogers
53.4%
1998-
99
Keith Primeau
51%
1983-
84
Sylvain Turgeon
49.2%
1984-
85
Sylvain Turgeon
49.2%
1985-
86
Sylvain Turgeon
49.2%
1985-
86
Ray Ferraro
48.8%
1988-
89
Ray Ferraro
48.8%
2009-
10
Jussi Jokinen
45.4%
1982-
83
Mark Johnson
34.3%
1983-
84
Mark Johnson
34.3%
1986-
87
John Anderson
27.2%
1979-
80
Jordy Douglas
17%
1983-
84
Bob Crawford
13.6%
Quiz Playlist
Details
Report
Send in Message
Add To Playlist
More Info:
Asterisk (*) indicates active player. Also includes the Hartford Whalers. Updated 6/03/2023
Classic:
Type in answers that appear in a list
Last Updated: Jun 3, 2023
Quiz Scoreboard
CHALLENGE
Sign Up to Join the Scoreboard
Show All
Scores
Hide
Comments
May contain spoilers
Recently Published
9x9 Crossword: Cartoon Network
by jackfrog10
Miscellaneous
3m
College Basketball Coaching Resumes
by pancakes188
Sports
9m
Billboard Blitz: Fleetwood Mac
by CooCooCachoo
Music
15s
More to Explore
Quiz From the Vault
Featured Blog Post
Where Did the Easter Bunny Come From?
hide this ad
You Might Also Like...
Tags
Nintendo Quiz
30-Goal
carolina
Carolina Hurricanes
goal
hurricane
Player
Scorer
season
Today's Top Quizzes in Sports
Browse Sports
hide this ad
Today's Top Quizzes in Nintendo
Browse Nintendo
Top Contributed Quizzes in Sports
1
2022 World Cup Stars
2
Les meilleurs buteurs des matchs entre le PSG et l’OM
3
FIFA Club World Cup Champions
4
Les entraîneurs de l'OM et du PSG au 21e siècle
5
Criteria MLB: Left Handed Sluggers
6
AFC Teams Reveal (Wrong Answers Minefield)
7
2023 MLB Unique Player Accomplishments
8
Players with Multiple 50 Home Run Seasons
9
5-to-1: FBS Animal Nicknames
10
5-to-1: UK Sports Teams
Explore More
Trending Topics
Marvel
Harry Potter
Kpop
Disney
NBA
Crossword
Anime
Puzzle
The Office
NFL
WWE
Country
Pokémon
Song
Soccer
hide this ad
More By:
kmad
Quiz
Plays
Rating
Category
Featured
Created
NHL Top 200 Goal Scorers (Career)
185,081
4.60
Sports
Jan 3, 2010
NHL 60 Goals In a Season
69,351
4.67
Sports
Oct 16, 2009
40 Goal NHL Seasons, 00s-10s
68,091
4.59
Sports
Oct 5, 2010
NHL Hart Trophy Votes, '00s & '10s
49,670
4.45
Sports
Nov 22, 2009
NHL Most Points per Position/Team
28,105
4.45
Sports
Dec 23, 2011
Go to Creator's Profile
Score Distribution
Quiz Creator Spotlight
kmad
Follow
Send a Message
Quizzes Created
-
Created Quiz Play Count
-
More By This Creator
Popular Quizzes Today
1
Find the US States - No Outlines Minefield
2
Find the Countries of Europe - No Outlines Minefield
3
The Countries of the World
4
Find the US States
5
Risky Map Clicking: Biggest States A-Z
6
US States
7
Popular People in 1961
8
Movies - When Are They Set?
More Sports Quizzes
Anyone but Alan Jones
Curator's Pick
Trending Quizzes
Risky Map Clicking: Least Populous States A-Z
1-10 Letter G Words
1-10 Letter F Words
Risky Map Clicking: Next State Alphabetically
Adjectives in 80s TV Shows
Recently Updated
Leaping Animals
pecheneg
Reality TV Shows (A-Z)
bhenderson79
Rickey Henderson's Hall of Fame Teammates
pecheneg
Champions League XIs: Arsenal
pecheneg
Quick Pick: Celebrities in WWE's Hall of Fame
aduchscher
A-Z Keypad Blitz II
pecheneg
Multiple Oscar Actors
pecheneg
Mystery Phrase Blitz: Oscar 'Best Actors'
pecheneg
F. Scott Fitzgerald Novels
LTH
Pick 3 Villains
ddd62291
Trending Topics
Marvel
Harry Potter
NBA
Disney
Anime
Crossword
Kpop
Soccer
Country
WWE
NFL
Puzzle
Song
Pokémon
The Office
Your Account Isn't Verified!
In order to create a playlist on Sporcle, you need to verify the email address you used during registration. Go to your
Sporcle Settings
to finish the process.
Report this User
Report this user for behavior that violates our
Community Guidelines
.
Details:
Send Report
Go to the Sporcle.com Mobile Site →
Comments